Mostro rosa /

Salvato in:
Dettagli Bibliografici
Autore principale: Dios, Olga : de (Autore)
Altri autori: Amerighi, Marco, (1982- ) (Traduttore)
Natura: Libro
Lingua:italiano
Pubblicazione: Milano : Nord-Sud, 2017
Tags: Aggiungi Tag
Nessun Tag, puoi essere il primo ad aggiungerne!!

MARC

LEADER 00000nam a22000007i 4500
001 IT\ICCU\MOD\1675281
003 ItRI
005 20260115232128.0
008 171114s2017 it |||||| ||||| |||||c
020 |a 9788865268285 
040 |b ita  |c importazione bologna sebina 
041 7 |a ita  |2 ISO-639-2 
082 |a 863.7  |9 NARRATIVA SPAGNOLA, 2000-  |2 23 
100 1 |a Dios, Olga : de  |0 IT\ICCU\TSAV\643616  |4 aut 
240 1 0 |a Monstruo rosa  |3 IT\ICCU\MOD\1675284  |9 Dios, Olga : de 
245 1 0 |a Mostro rosa /  |c Olga De Dios. 
260 |a Milano :  |b Nord-Sud,  |c 2017 
300 |a [32] p. :  |b in gran parte ill. ;  |c 23x25 cm 
500 |a Traduzione di Marco Amerighi. 
700 1 |a Amerighi, Marco,  |d  (1982- )  |0 IT\ICCU\CFIV\263178  |4 trl 
942 |2 ddc  |c BK  |n 0 
952 |0 0  |1 0  |4 0  |6 R_863_700000000000000_DIO  |7 0  |9 20578  |a BO  |b BO  |d 2026-01-15  |i 18794  |l 0  |o R 863.7 DIO  |p BO18794  |r 2026-01-15 23:21:28  |w 2026-01-15  |x [Sebina 5] [1 v.]  |y BK  |z 1 v. 
999 |c 17569  |d 17569